[Event "ch-HUN KO"]
[Site "Budapest HUN"]
[Date "2000.10.06"]
[Round "6.1"]
[White "Horvath,Jo"]
[Black "Varga,Zo"]
[Result "1-0"]
[WhiteElo "2558"]
[BlackElo "2541"]

1.d4 d5 2.c4 c6 3.Nf3 dxc4 4.e3 Be6 5.a4 Nf6 6.Nc3 g6 7.Ng5 Bd5 8.f3 h6 9.Nh3 g5
10.e4 Be6 11.Nf2 Bg7 12.a5 Na6 13.Be3 Nc7 14.g3 b5 15.f4 b4 16.Na4 Ncd5 17.exd5 Nxd5
18.Bc1 Qxa5 19.fxg5 c3 20.gxh6 cxb2 21.Bxb2 Rxh6 22.Qd2 Bf5 23.Nc5 Qc7 24.Bg2 Rd8
25.Bxd5 Rxd5 26.Qxb4 Qb6 27.Qxb6 axb6 28.Ra8+ Rd8 29.Rxd8+ Kxd8 30.Ncd3 Rd6
31.Ne5 Re6 32.O-O f6 33.Ned3 Re2 34.Rc1 Bh6 35.Re1 Bxd3 36.Nxd3 Rd2 37.Bc1 Rxd3
38.Bxh6 Rxd4 39.Be3 Rb4 40.h4 Ke8 41.Kg2 Kf7 42.h5 c5 43.h6 Ra4 44.Kf3 Kg6
45.Rd1 Ra7 46.Rd8 Kh7 47.Rf8 Rb7 48.Kg4 e6 49.Rxf6 b5 50.Kh5  1-0

[Event "Cup Rectora"]
[Site "Kharkov UKR"]
[Date "2000.10.07"]
[Round "7"]
[White "Eljanov,P"]
[Black "Itkis,B"]
[Result "0-1"]
[WhiteElo "2487"]
[BlackElo "2384"]

1.d4 d5 2.Nf3 Nf6 3.c4 c6 4.Qb3 e6 5.Bg5 h6 6.Bh4 Nbd7 7.Nc3 Be7 8.e3 O-O
9.Bd3 dxc4 10.Qxc4 c5 11.dxc5 Nxc5 12.Bc2 b6 13.Rd1 Ba6 14.Rxd8 Bxc4 15.Rxa8 Rxa8
16.Ne5 Ba6 17.Kd2 Rc8 18.Kc1 g5 19.Bg3 Nce4 20.Nxe4 Nxe4 21.Rd1 Nxg3 22.hxg3 Rc7
23.Kb1 h5 24.Rh1 Bf6 25.Nf3 g4 26.Nd2 Bb7 27.Ne4 Be7 28.Nc3 Bxg2 29.Rxh5 Bf3
30.Nb5 Rd7 31.Nd4 Bb7 32.Bd1 Bf6 33.Bxg4 Be4+ 34.Kc1 Rc7+ 35.Kd1 a6 36.f3 Bxd4
37.exd4 Bd5 38.Rg5+ Kh7 39.b3 f5 40.Bh5 a5 41.Kd2 a4 42.bxa4 Rc4 43.Be8 Bxf3
44.Ke3 Bd5 45.Kf4 Rc8 46.Rh5+ Kg7 47.Bb5  0-1

[Event "Abihome Open"]
[Site "Brussels BEL"]
[Date "2000.10.08"]
[Round "6"]
[White "Hellsten,J"]
[Black "Fressinet,L"]
[Result "1/2-1/2"]
[WhiteElo "2470"]
[BlackElo "2536"]

1.d4 d5 2.Nf3 Nf6 3.c4 c6 4.Qb3 e6 5.Bg5 dxc4 6.Qxc4 b5 7.Qc2 Bb7 8.e4 Nbd7
9.e5 h6 10.Bd2 Nd5 11.Nc3 Nxc3 12.bxc3 Be7 13.Qe4 Qb6 14.Qg4 g6 15.Be2 a6
16.a4 bxa4 17.O-O a3 18.Rfb1 Qc7 19.c4 c5 20.d5 exd5 21.e6 Nf8 22.exf7+ Kxf7
23.cxd5 Bd6 24.Bc3 Rh7 25.Bd3 Bc8 26.Qh4 Qe7 27.Qc4 Kg8 28.Re1 Qc7 29.Nd2 Bf5
30.Bxf5 gxf5 31.Nf3 Re7 32.Rxe7 Qxe7 33.Re1 Qf7 34.Ba1 Re8 35.Rxe8 Qxe8 36.Qc3 Qe7
37.Qxa3 Qe4 38.Qb2 Kf7 39.h3 Qxd5 40.Nd2 Ne6 41.Nf1 Nd4 42.Ne3 Qe4 43.Qa2+ Kf8
44.Qxa6 Qb1+ 45.Qf1 Ne2+ 46.Kh1 Qxf1+ 47.Nxf1  1/2-1/2

[Event "Abihome Open"]
[Site "Brussels BEL"]
[Date "2000.10.08"]
[Round "8"]
[White "Hellsten,J"]
[Black "Hautot,S"]
[Result "1-0"]
[WhiteElo "2470"]
[BlackElo "2243"]

1.d4 d5 2.Nf3 Nf6 3.c4 c6 4.Qb3 dxc4 5.Qxc4 b5 6.Qc2 Bb7 7.e4 e6 8.Nbd2 Nbd7
9.Nb3 a6 10.Nc5 Nxc5 11.dxc5 Qa5+ 12.Bd2 b4 13.Bc4 Bxc5 14.O-O O-O 15.e5 Nd5
16.Ng5 g6 17.Qe4 Be7 18.Qh4 Bxg5 19.Bxg5 Rfe8 20.Rac1 Rec8 21.Qh6 Nc7 22.Rfe1 Qb6
23.Re3 f6 24.Bxf6  1-0

[Event "Tatry Open"]
[Site "Tatranske Zruby SVK"]
[Date "2000.10.12"]
[Round "6"]
[White "Turna,S"]
[Black "Motuz,K"]
[Result "0-1"]
[WhiteElo "2257"]
[BlackElo "2284"]

1.d4 d5 2.c4 c6 3.Nf3 Nf6 4.g3 Bf5 5.Bg2 e6 6.O-O Nbd7 7.Nc3 h6 8.cxd5 exd5
9.Bf4 Be7 10.Rc1 O-O 11.Ne1 Re8 12.Nd3 Qb6 13.Nc5 Nxc5 14.dxc5 Qxb2 15.Be5 Nd7
16.e4 Nxe5 17.exf5 Rad8 18.Na4 Qxa2 19.Re1 Nc4 20.Re2 Qa3 21.Ra1 Qb4 22.Rb1 Qa5
23.Rxb7 Bf6 24.Bf3 Ne5 25.Bh5 d4 26.f4 d3 27.Re4 Nd7 28.Rxe8+ Rxe8 29.Bxf7+ Kxf7
30.Qb3+ Kf8 31.Kg2 Qe1  0-1

[Event "Tatry Open"]
[Site "Tatranske Zruby SVK"]
[Date "2000.10.13"]
[Round "7"]
[White "Vavrak,P"]
[Black "Belunek,V"]
[Result "1/2-1/2"]
[WhiteElo "2361"]
[BlackElo "2258"]

1.c4 Nf6 2.Nf3 c6 3.d4 d5 4.Qb3 Qb6 5.c5 Qd8 6.Nc3 g6 7.Bf4 Bg7 8.e3 O-O
9.h3 Nbd7 10.Be2 b6 11.cxb6 axb6 12.O-O Ba6 13.Rfc1 Bxe2 14.Nxe2 Qc8 15.Ne5 Qa6
16.Ng3 Nxe5 17.dxe5 Nd7 18.Rxc6 e6 19.a3 Rab8 20.Qc3 Qa5 21.b4 Qa4 22.Ne2 Nxe5
23.Bxe5 Bxe5 24.Nd4 Bg7 25.Rc1 Ra8 26.Rxb6 Qxa3 27.Qxa3 Rxa3 28.b5 Rfa8 29.Rbc6 Bxd4
30.exd4 Rb3 31.Rb6 Ra5 32.Rb8+ Kg7 33.b6 Rab5 34.Rc6 R5b4 35.Rb7 Rxd4 36.Rxe6 Rf4
37.g3 Rf6  1/2-1/2

[Event "Belgian Interteams 2000-1"]
[Site "BEL"]
[Date "2000.10.22"]
[Round "2"]
[White "Piceu,T"]
[Black "Groffen,H"]
[Result "1/2-1/2"]
[WhiteElo "2179"]
[BlackElo "2224"]

1.d4 d5 2.c4 c6 3.Nf3 dxc4 4.e3 Be6 5.a4 Nf6 6.Na3 c5 7.Nxc4 Nc6 8.Be2 cxd4
9.exd4 Bd5 10.O-O e6 11.Bf4 Be7 12.Rc1 O-O 13.Nfe5 Rc8 14.Qd2 Ne4 15.Qe3 Nd6
16.Nxd6 Bxd6 17.Bd3 Qe7 18.Bb1 Bb8 19.Qd3 g6 20.Qe3 f6 21.Nxc6 bxc6 22.Be4 Bxf4  1/2-1/2

[Event "TCh-SVK"]
[Site "SVK"]
[Date "2000.10.22"]
[Round "2"]
[White "Csala,J"]
[Black "Rakay,K"]
[Result "1/2-1/2"]
[WhiteElo "2182"]
[BlackElo "2130"]

1.d4 Nf6 2.c4 c6 3.g3 d5 4.Nf3 Bf5 5.Bg2 e6 6.O-O h6 7.Nc3 Be7 8.Qb3 Qb6
9.c5 Qxb3 10.axb3 Nbd7 11.b4 Ne4 12.Nd2 Nxd2 13.Bxd2 Bf6 14.e3 Bd3 15.Rfe1 O-O
16.f4 a6 17.Ra3 Bh7 18.Rea1 Rac8 19.Nd1 Be7 20.Nf2 f5 21.Kf1 Kf7 22.Ke2 Rh8
23.Bf3 g6 24.h3 g5 25.Rg1 Rhg8 26.Raa1 Rg7 27.Rg2 Bf6 28.Bc3 Nb8 29.Rag1 Rcg8
30.g4 Ke7 31.Nd3 Kf7 32.Nc1 Ke7 33.Nb3 Kd7 34.Nc1 Ke7 35.Kf1 Kd7 36.Ne2 Ke7
37.Be1 Nd7 38.Ng3 Bg6 39.Ne2 Nf8 40.Bg3 Kf7 41.Kf2 Ke7 42.Rh2 Be8 43.Rhh1 Ng6
44.Rh2 Nf8 45.Rhh1 Ng6 46.Rh2 Nf8 47.Rhh1  1/2-1/2

[Event "34th Olympiad"]
[Site "Istanbul TUR"]
[Date "2000.10.29"]
[Round "2"]
[White "Nadera,B"]
[Black "Abdulla,Al"]
[Result "1-0"]
[WhiteElo "2403"]
[BlackElo "2386"]

1.d4 d5 2.Nf3 Nf6 3.c4 c6 4.Qc2 dxc4 5.Qxc4 e6 6.Nc3 b5 7.Qb3 Nbd7 8.Bg5 a6
9.a4 Qa5 10.Bd2 b4 11.Na2 c5 12.Qc2 Qb6 13.b3 cxd4 14.Qc4 a5 15.Qxd4 Bc5
16.Qh4 Ba6 17.Bf4 O-O 18.Rd1 Rfd8 19.e3 Nf8 20.Rxd8 Rxd8 21.Bc7 Qxc7 22.Bxa6 Bxe3
23.fxe3 Qc2 24.O-O Qxa2 25.Bc4 Qc2 26.Nd4 Qd2 27.Qg3 Nd5 28.Nc6 Re8 29.Re1 Nc3
30.Kf1 Ng6 31.Nxa5 f5 32.Qf2 Qxf2+ 33.Kxf2 Ne5 34.Bf1 Rd8 35.Kg1 Kf8 36.Nb7 Rd5
37.a5 Nc6 38.Bc4 Re5 39.a6 Ke7 40.Ra1 Na7 41.Kf2 Ne4+ 42.Ke2 Nf6 43.Ra5 Ng4
44.h3 Rxa5 45.Nxa5 Ne5 46.Kd2 Nd7 47.Kd3  1-0

[Event "34th Olympiad"]
[Site "Istanbul TUR"]
[Date "2000.10.29"]
[Round "2"]
[White "Nadera,B"]
[Black "Abdulla,Al"]
[Result "1-0"]
[WhiteElo "2403"]
[BlackElo "2386"]

1.d4 d5 2.Nf3 Nf6 3.c4 c6 4.Qc2 dxc4 5.Qxc4 e6 6.Nc3 b5 7.Qb3 Nbd7 8.Bg5 a6
9.a4 Qa5 10.Bd2 b4 11.Na2 c5 12.Qc2 Qb6 13.b3 cxd4 14.Qc4 a5 15.Qxd4 Bc5
16.Qh4 Ba6 17.Bf4 O-O 18.Rd1 Rfd8 19.e3 Nf8 20.Rxd8 Rxd8 21.Bc7 Qxc7 22.Bxa6 Bxe3
23.fxe3 Qc2 24.O-O Qxa2 25.Bc4 Qc2 26.Nd4 Qd2 27.Qg3 Nd5 28.Nc6 Re8 29.Re1 Nc3
30.Kf1 Ng6 31.Nxa5 f5 32.Qf2 Qxf2+ 33.Kxf2 Ne5 34.Bf1 Rd8 35.Kg1 Kf8 36.Nb7 Rd5
37.a5 Nc6 38.Bc4 Re5 39.a6 Ke7 40.Ra1 Na7 41.Kf2 Ne4+ 42.Ke2 Nf6 43.Ra5 Ng4
44.h3 Rxa5 45.Nxa5 Ne5 46.Kd2 Nd7 47.Kd3 g5 48.Kd4 h5 49.Be2 g4 50.hxg4 fxg4
51.Kc4  1-0

[Event "34th Olympiad"]
[Site "Istanbul TUR"]
[Date "2000.10.29"]
[Round "2"]
[White "Garcia,Rau"]
[Black "Mamombe,K"]
[Result "0-1"]
[WhiteElo "2318"]
[BlackElo "2147"]

1.d4 d5 2.Nf3 Nf6 3.c4 c6 4.Qc2 dxc4 5.Qxc4 Bf5 6.e3 Nbd7 7.Be2 Qc7 8.Qb3 e6
9.Nc3 Bd6 10.Bd2 Ne4 11.Rc1 O-O 12.Nb5 Nxd2 13.Nxd2 Qb8 14.Nxd6 Qxd6 15.O-O Rab8
16.Rfd1 e5 17.Nc4 Qe7 18.dxe5 Nxe5 19.Nxe5 Qxe5 20.Qb4 Be6 21.a3 Bd5 22.Rd4 Rfe8
23.Rcd1 Bxg2 24.Rg4 Bd5 25.Qd4 f5 26.Qxe5 Rxe5 27.Rgd4 b5 28.Bf1 Re6 29.Be2 Kf7
30.b4 g5 31.Bf1 Re4 32.Rxe4 fxe4 33.Bg2 Kf6 34.Rc1 a5 35.bxa5 Ra8 36.Bh3 Ke7
37.Bf5 h6 38.Kg2 Rxa5 39.Rc3 Kd6 40.Kg3 Ra4 41.Bg4 Rc4 42.Rxc4 Bxc4 43.f4  0-1

[Event "34th Olympiad"]
[Site "Istanbul TUR"]
[Date "2000.10.29"]
[Round "2"]
[White "Garcia,Rau"]
[Black "Mamombe,K"]
[Result "0-1"]
[WhiteElo "2318"]
[BlackElo "2147"]

1.d4 d5 2.Nf3 Nf6 3.c4 c6 4.Qc2 dxc4 5.Qxc4 Bf5 6.e3 Nbd7 7.Be2 Qc7 8.Qb3 e6
9.Nc3 Bd6 10.Bd2 Ne4 11.Rc1 O-O 12.Nb5 Nxd2 13.Nxd2 Qb8 14.Nxd6 Qxd6 15.O-O Rab8
16.Rfd1 e5 17.Nc4 Qe7 18.dxe5 Nxe5 19.Nxe5 Qxe5 20.Qb4 Be6 21.a3 Bd5 22.Rd4 Rfe8
23.Rcd1 Bxg2 24.Rg4 Bd5 25.Qd4 f5 26.Qxe5 Rxe5 27.Rgd4 b5 28.Bf1 Re6 29.Be2 Kf7
30.b4 g5 31.Bf1 Re4 32.Rxe4 fxe4 33.Bg2 Kf6 34.Rc1 a5 35.bxa5 Ra8 36.Bh3 Ke7
37.Bf5 h6 38.Kg2 Rxa5 39.Rc3 Kd6 40.Kg3 Ra4 41.Bg4 Rc4 42.Rxc4 Bxc4 43.f3 exf3
44.Bxf3 Bd3 45.h4 c5 46.hxg5 hxg5 47.Kf2 c4 48.Ke1 c3 49.Kd1 Kc5 50.Bg4 Kd5
51.Bf3+ Ke5  0-1

[Event "Chigorin Mem"]
[Site "St Petersburg RUS"]
[Date "2000.10.31"]
[Round "1"]
[White "Donchenko,A"]
[Black "Kotanjian,T"]
[Result "0-1"]
[WhiteElo "2457"]
[BlackElo "2272"]

1.Nf3 d5 2.d4 Nf6 3.c4 c6 4.Qc2 e6 5.g3 dxc4 6.Qxc4 b5 7.Qb3 Bb7 8.Bg2 Nbd7
9.O-O a6 10.a4 Qb6 11.Nc3 c5 12.Be3 c4 13.Qc2 Ng4 14.axb5 Nxe3 15.fxe3 axb5
16.Ng5 Rxa1 17.Rxa1 Bxg2 18.Kxg2 Be7 19.Ra8+ Nb8 20.Nf3 O-O 21.Kf2 Nc6 22.Rxf8+ Bxf8
23.Qe4 h6 24.d5 exd5 25.Nxd5 Qc5 26.Nd4 Nd8 27.Qe5 b4 28.Ke1 Nc6 29.Nxc6 Qxc6
30.Kd2 Qc5 31.Qd4 Qb5 32.Nc7 Qc6 33.Nd5 Qa6 34.e4 c3+ 35.bxc3 b3 36.Nb4 Qa1
37.Nd3 b2 38.Nxb2 Qxb2+ 39.Kd3 Qb1+ 40.Kd2 Qh1 41.h4 Qh3 42.Qd3 Qe6 43.Qd5 Qd6
44.Qd3 h5 45.Ke1 Qe6 46.Qd5 Qxd5 47.exd5 f5 48.Kf2 Kf7 49.Kf3 Kf6 50.e4 Ke5
51.exf5 Kxf5 52.c4 Bc5 53.Kg2 Kg4  0-1

[Event "Chigorin Mem"]
[Site "St Petersburg RUS"]
[Date "2000.11.02"]
[Round "3"]
[White "Donchenko,A"]
[Black "Khassanov,M"]
[Result "1/2-1/2"]
[WhiteElo "2457"]
[BlackElo "2338"]

1.Nf3 d5 2.d4 c6 3.c4 dxc4 4.a4 Nf6 5.e3 Be6 6.Na3 Nbd7 7.Nxc4 Bxc4 8.Bxc4 e6
9.O-O Bd6 10.Qb3 Rb8 11.Re1 O-O 12.e4 e5 13.Bg5 Qb6 14.Qc2 Rbe8 15.a5 Qc7
16.dxe5 Nxe5 17.Nxe5 Rxe5 18.Bd2 Rfe8 19.Bc3 Rxe4 20.Rxe4 Nxe4 21.g3 Bc5
22.Re1 Nf6 23.Rxe8+ Nxe8  1/2-1/2

[Event "Krkonose Open"]
[Site "Pec pod Snezkou CZE"]
[Date "2000.11.04"]
[Round "8"]
[White "Benes,P1"]
[Black "Pokorny,Z"]
[Result "0-1"]
[WhiteElo "2171"]
[BlackElo "2334"]

1.d4 d5 2.Nf3 Nf6 3.c4 c6 4.Qb3 g6 5.Bf4 Bg7 6.e3 O-O 7.h3 Nbd7 8.Nc3 Qa5
9.Nd2 Qb6 10.Qc2 c5 11.cxd5 cxd4 12.Nc4 Qd8 13.exd4 Nb6 14.Nxb6 axb6 15.Bc4 e6
16.dxe6 Qxd4 17.exf7+ Kh8 18.Ne2 Qc5 19.Qb3 Bd7 20.Rc1 b5 21.Bd3 Qd5 22.O-O Rxa2
23.Qxd5 Nxd5 24.Bd6 Rxf7 25.Be4 Nf6 26.Bf3 Rxb2 27.Rfd1 Ra2 28.Nf4 Ra8 29.Nd3 Ne8
30.Ne5 Rxf3 31.Nxf3 Nxd6 32.Rxd6 Bc6 33.Rcd1 h6 34.Nh4 b4 35.Nxg6+ Kh7 36.Ne7 b3
37.Nxc6 bxc6 38.Rd8 Ra6 39.Rb8 b2 40.Kf1 c5 41.Ke2 c4 42.Kd2 Re6 43.Kc2 c3
44.Rc8 Re2+ 45.Kb3 Rxf2 46.Rxc3 Bxc3 47.Kxc3 Rxg2 48.Rb1 Kg6 49.Rxb2 Rxb2
50.Kxb2 Kh5 51.Kc3 Kh4 52.Kd2 Kxh3  0-1

[Event "34th Olympiad Women"]
[Site "Istanbul TUR"]
[Date "2000.11.05"]
[Round "8"]
[White "Socko,M"]
[Black "Vijayalakshmi,S"]
[Result "0-1"]
[WhiteElo "2403"]
[BlackElo "2378"]

1.d4 d5 2.Nf3 Nf6 3.c4 c6 4.Qc2 g6 5.Bf4 Bf5 6.Qb3 Qb6 7.e3 Na6 8.Nc3 Nh5
9.Bg3 Nxg3 10.hxg3 Nb4 11.c5 Qa5 12.Rc1 b5 13.Nd2 Bg7 14.a3 Nd3+ 15.Bxd3 Bxd3
16.Nxd5 Bf5 17.Nb4 Qc7 18.f4 a5 19.Nd3 O-O 20.O-O Rad8 21.Ne5 Be6 22.Qc3 f6
23.Nef3 Bf7 24.Ne4 a4 25.g4 h6 26.f5 h5 27.g5 gxf5 28.gxf6 Bh6 29.Ned2 exf6
30.Nh4 f4 31.Nf5 Bg5 32.exf4 Bxf4 33.Rxf4 Qxf4 34.Rf1 Qc7 35.Ne4 Bg6 36.Ned6 Qh7
37.Qf3 Bxf5 38.Nxf5 Rd5 39.Qf4 Kh8 40.Nd6 Qg6 41.Rf2 Rg8 42.Qxf6+ Qxf6 43.Rxf6 Rg4
44.Nf5 Rg5 45.Rh6+ Kg8 46.Ne7+ Kg7 47.Nxd5 Kxh6 48.Ne7 Kg7 49.Nxc6 Rg3 50.Na7 b4
51.axb4 Rb3 52.c6 Rxb2 53.Nb5 Rxb4 54.c7 Rc4 55.Kf2 Kf8 56.Ke3 Ke7 57.Kd3 Rc6
58.d5 Rc1 59.Nc3 Kd7 60.Nxa4 Kxc7 61.Ke3 Kd6 62.Nb6 Rb1 63.Na4 Rb3+ 64.Kd2 Rg3
65.Nc3 Rxg2+ 66.Ke1 h4 67.Kf1 Rc2 68.Ne4+ Ke5 69.Nf2 Kxd5 70.Kg1 Ke5 71.Nh3 Kf5
72.Nf2 Kf4 73.Nd3+ Kg3  0-1

[Event "Chigorin Mem"]
[Site "St Petersburg RUS"]
[Date "2000.11.05"]
[Round "5"]
[White "Riazantsev,A"]
[Black "Kruppa,Y"]
[Result "1/2-1/2"]
[WhiteElo "2418"]
[BlackElo "2582"]

1.d4 d5 2.c4 dxc4 3.Nf3 c6 4.a4 Bg4 5.Ne5 Bh5 6.Nc3 e6 7.g3 Ne7 8.Nxc4 Nf5
9.Be3 Nxe3 10.Nxe3 Bb4 11.Bg2 O-O 12.O-O Qe7 13.Nc2 Rd8 14.Na2 Na6 15.Qd3 e5
16.Qc4 Bd6 17.e3 Bg6 18.Rfd1 Nc7 19.Rac1 e4  1/2-1/2

[Event "Chigorin Mem"]
[Site "St Petersburg RUS"]
[Date "2000.11.06"]
[Round "6"]
[White "Burmakin,V"]
[Black "Fominyh,A"]
[Result "0-1"]
[WhiteElo "2538"]
[BlackElo "2594"]

1.d4 d5 2.Nf3 Nf6 3.c4 c6 4.Qb3 dxc4 5.Qxc4 Bf5 6.Nc3 e6 7.g3 Nbd7 8.Bg2 Be7
9.e3 Ne4 10.O-O O-O 11.Rd1 Nxc3 12.bxc3 Bc2 13.Rd2 Be4 14.a4 Qa5 15.Qb3 c5
16.Ne1 Bxg2 17.Nxg2 Rac8 18.Rb2 cxd4 19.cxd4 Nb6 20.Bd2 Qf5 21.Qb5 Qe4 22.Ne1 Bd6
23.Bb4 Bxb4 24.Rxb4 Rc7 25.Qd3 Qc6 26.a5 Nd5 27.Rb2 Rfc8 28.Qd2 h5 29.h4 Nf6
30.Nd3 Ne4 31.Qd1 g6 32.Qf3 Nd6 33.Qxc6 Rxc6 34.Nc5 b6 35.axb6 axb6 36.Nd3 Rc3
37.Rd1 b5 38.Nc5 e5 39.Ra2 exd4 40.exd4 Nf5 41.Na6 Rc1 42.Rd2 Rxd1+ 43.Rxd1 Rc6
44.Nc5 Nxd4 45.Rxd4 Rxc5 46.Rd6 Kf8 47.Rd7 Ke8 48.Ra7 Rd5 49.Rb7 Rf5 50.Kf1 Kd8
51.Ke2 Kc8 52.Re7 Rf6 53.Ra7 b4 54.Ra2 Rb6 55.Kd3 Kd7 56.Kc4 b3 57.Rb2 Ke6
58.Rxb3 Rxb3 59.Kxb3 Kd5 60.Kc3 Ke4  0-1

[Event "34th Olympiad Women"]
[Site "Istanbul TUR"]
[Date "2000.11.12"]
[Round "14"]
[White "Meenakshi,S"]
[Black "Varniene,R"]
[Result "1-0"]
[WhiteElo "2226"]
[BlackElo "2190"]

1.d4 d5 2.c4 c6 3.Nf3 dxc4 4.e3 b5 5.a4 e6 6.b3 Bb4+ 7.Bd2 Bxd2+ 8.Nfxd2 cxb3
9.axb5 b2 10.Ra2 Ne7 11.Nc3 O-O 12.Rxb2 Bb7 13.Nce4 cxb5 14.Rxb5 Bd5 15.Bc4 Nd7
16.O-O Qc7 17.Bd3 a5 18.Qa1 Rfb8 19.Rc1 Qa7 20.Qa3 Rxb5 21.Bxb5 Nf8 22.Nc5 Rb8
23.Bd3 Neg6 24.Ra1 Ra8 25.Ndb3 a4 26.Nd2 Bc6 27.Be4 Bxe4 28.Ndxe4 Qc7 29.Qc3 Qc6
30.Qb4 Nd7 31.Nxd7 Qxe4 32.Rxa4 Rc8 33.Nc5 Qg4 34.f3 Qg5 35.Qd2 Nh4 36.Kf1 Rb8
37.Ra1 h6 38.Ne4 Qd5 39.Qd3 Rb2 40.Rb1 Qa2 41.Rxb2 Qxb2 42.Nf2 Qa1+ 43.Qd1 Qa6+
44.Nd3 Qa2 45.Ne1 Nf5 46.Qe2 Qa3 47.Kf2 Qd6 48.g3 h5 49.Ng2 h4 50.f4 hxg3+
51.hxg3 Qd5 52.Nh4 Nxh4 53.gxh4 Qh1 54.Qg4 Qh2+ 55.Ke1 Qc2 56.Qf3 g6 57.Qe2 Qe4
58.Kd2 Qd5 59.Qf2 Qa2+ 60.Ke1 Qb1+ 61.Ke2 Qe4 62.Qg1 Qc2+ 63.Kf3 Kh7 64.Qg2 Qf5
65.Kg3 Qd3 66.Qf3 Kh6 67.Kh3 Qf5+ 68.Kg3 Qd3 69.Qf2 Qe4 70.Qe2 Qh1 71.Qf2 Qe4
72.Qg1 Qd3 73.Kf3 Kh7 74.Qe1 Kg7 75.Qe2 Qf5 76.Qg2 Qd5+ 77.Kg3 Qb5 78.Qf3 Qa5
79.e4 Qe1+ 80.Kh3 Qb1 81.d5 exd5 82.exd5 Qf5+ 83.Kg3 Qf6 84.h5 gxh5 85.Qxh5 Qc3+
86.Kg4 Kf8 87.Qe5 Qd3 88.d6 Qg6+ 89.Kh4 Qh6+ 90.Kg3 Qg6+ 91.Kf2 Qc2+ 92.Ke3 Qb3+
93.Ke4 Qc2+ 94.Kd5 Qd3+ 95.Qd4 Qf5+ 96.Kc6 Qc8+ 97.Kb6 Qb8+ 98.Ka6 Qc8+ 99.Ka7 Qd7+
100.Ka6 Qc8+ 101.Kb5 Qd7+ 102.Kc4 Qe6+ 103.Kb4 Qe1+ 104.Kb5 Qe2+ 105.Kb6 f5
106.d7 Qe6+ 107.Kc7 Qf7 108.Qh8+  1-0

[Event "72nd ch-GER"]
[Site "Seebad Heringsdorf GER"]
[Date "2000.11.19"]
[Round "3"]
[White "Bischoff,D"]
[Black "Senff,M"]
[Result "1/2-1/2"]
[WhiteElo "2192"]
[BlackElo "2354"]

1.d4 d5 2.c4 c6 3.Nf3 Nf6 4.Qc2 dxc4 5.Qxc4 Bf5 6.g3 e6 7.Bg2 Nbd7 8.e3 Be7
9.O-O O-O 10.Nc3 Ne4 11.Rd1 Qa5 12.Nd2 Nxc3 13.bxc3 Bc2 14.Nb3 Qf5 15.Rd2 Be4
16.Qe2 Bxg2 17.Kxg2 e5  1/2-1/2

[Event "Autumn Cup IM"]
[Site "Bucharest ROM"]
[Date "2000.11.21"]
[Round "2"]
[White "Vioreanu,B"]
[Black "Marin,L"]
[Result "1/2-1/2"]
[WhiteElo "2280"]
[BlackElo "2187"]

1.d4 d5 2.c4 c6 3.Nf3 Nf6 4.Qc2 dxc4 5.Qxc4 Bf5 6.Nc3 Nbd7 7.g3 e6 8.Bg2 Be7
9.O-O O-O 10.Bg5 Ne4 11.Bxe7 Qxe7 12.Rad1 Nd6 13.Qb3 e5 14.d5 c5 15.Nb5 Nb6
16.Nxd6 Qxd6 17.Nd2 Rfd8 18.e4 Bd7 19.Rc1 Rac8 20.Qa3 Bb5 21.Rfe1 Qh6 22.Rc2 Rc7
23.Rec1 Rdc8 24.Nf3 Qd6 25.Bh3 Nd7 26.Bxd7 Bxd7 27.Qxa7 b5 28.Qa3 f5 29.Qe3 c4
30.Rd2 f4 31.Qc3 fxg3 32.fxg3 b4 33.Qxe5 Qxe5 34.Nxe5 c3 35.bxc3 bxc3 36.Rd4 c2
37.Nxd7 Rb7 38.Rd2 Rb1 39.Rxc2 Rxc1+ 40.Rxc1 Rxc1+ 41.Kf2 Rc2+ 42.Ke3 Rxa2
43.Nc5 Kf7 44.e5 Rc2 45.Ne4 Rxh2 46.d6 Rh1 47.Nc5 Re1+ 48.Kd4 h5 49.Kd5 g5
50.e6+ Ke8 51.Nd7 h4 52.Nf6+  1/2-1/2

[Event "Mitropa Team Cup"]
[Site "Charleville FRA"]
[Date "2000.11.25"]
[Round "1"]
[White "Pelletier,Y"]
[Black "Vavra,P1"]
[Result "1-0"]
[WhiteElo "2474"]
[BlackElo "2393"]

1.Nf3 d5 2.d4 c6 3.c4 dxc4 4.e3 b5 5.a4 e6 6.Nc3 Bb4 7.Bd2 Bb7 8.axb5 Bxc3
9.Bxc3 cxb5 10.b3 a5 11.d5 Nf6 12.bxc4 b4 13.Bxf6 Qxf6 14.Qa4+ Nd7 15.Nd4 e5
16.Nb3 Ke7 17.Be2 Qd6 18.f4 Rhc8 19.O-O Nb6 20.Qb5 Ba6 21.fxe5 Qb8 22.Qxa5 Bxc4
23.Qxb4+ Ke8 24.Rxa8 Qxa8 25.e6  1-0

[Event "TCh-SVK"]
[Site "SVK"]
[Date "2000.11.25"]
[Round "3"]
[White "Zpevak,P"]
[Black "Varga,P"]
[Result "0-1"]
[WhiteElo "2358"]
[BlackElo "2465"]

1.d4 d5 2.c4 c6 3.Nf3 Nf6 4.Qb3 dxc4 5.Qxc4 Bf5 6.g3 e6 7.Bg2 Nbd7 8.O-O Be7
9.Nc3 O-O 10.e3 Ne4 11.Nd2 Nxd2 12.Bxd2 Nb6 13.Qb3 Bg6 14.Rac1 a5 15.Ne4 a4
16.Qd1 Nd5 17.Nc5 a3 18.b3 b6 19.Na4 Rc8 20.Qe2 Qc7 21.e4 Nb4 22.Bxb4 Bxb4
23.e5 b5 24.Nc5 Qa7 25.Rfd1 h6 26.h3 Ba5 27.f4 Bb6 28.b4 Qe7 29.Qe3 Bxc5
30.Rxc5 Qa7 31.Bxc6 Qa4 32.Qb3 Qxb3 33.axb3 a2 34.d5 Bb1  0-1

[Event "Mitropa Team Cup"]
[Site "Charleville FRA"]
[Date "2000.11.26"]
[Round "2"]
[White "Doettling,F"]
[Black "Eliet,N"]
[Result "1-0"]
[WhiteElo "2473"]
[BlackElo "2391"]

1.d4 d5 2.c4 c6 3.Nf3 dxc4 4.e3 Be6 5.a4 Nf6 6.Nc3 Bd5 7.Nd2 Be6 8.Bxc4 Bxc4
9.Nxc4 e6 10.O-O Bb4 11.Qb3 a5 12.Na2 Na6 13.Nxb4 axb4 14.Bd2 Qe7 15.a5 O-O
16.Ra4 c5 17.dxc5 Nd5 18.Bxb4 Ndxb4 19.Rxb4 Nxb4 20.Qxb4 Qh4 21.Qc3 Rfd8
22.Nd6 Rd7 23.b4 Qh5 24.e4 e5 25.g3 Rad8 26.Kg2 Re7 27.Qf3 Qg6 28.Rd1 Qe6
29.Rd5 Rdd7 30.Qd1  1-0

[Event "Mitropa Team Cup"]
[Site "Charleville FRA"]
[Date "2000.11.28"]
[Round "4"]
[White "Gustafsson,J"]
[Black "Varga,Zo"]
[Result "1/2-1/2"]
[WhiteElo "2506"]
[BlackElo "2541"]

1.d4 d5 2.c4 c6 3.Nf3 Nf6 4.Qb3 e6 5.Bg5 h6 6.Bh4 dxc4 7.Qxc4 b5 8.Qc2 Bb7
9.e3 Nbd7 10.Nbd2 Rc8 11.Qb3 Qa5 12.Bxf6 gxf6 13.Be2 Rg8 14.O-O a6 15.a4 b4
16.Rfc1  1/2-1/2

[Event "Mitropa Team Cup"]
[Site "Charleville FRA"]
[Date "2000.11.30"]
[Round "6"]
[White "Eliet,N"]
[Black "Kujovic,M"]
[Result "1-0"]
[WhiteElo "2391"]
[BlackElo "2244"]

1.Nf3 Nf6 2.c4 c6 3.d4 d5 4.Qc2 g6 5.Bf4 Bg7 6.e3 O-O 7.cxd5 Qxd5 8.Nc3 Qa5
9.Nd2 Be6 10.Bc4 Bxc4 11.Nxc4 Qa6 12.Qb3 Nbd7 13.O-O Nh5 14.Bg5 Bf6 15.Bxf6 Nhxf6
16.e4 b5 17.Ne3 e5 18.d5 Rab8 19.dxc6 Qxc6 20.Ncd5 Kg7 21.Rac1 Qe6 22.f3 Rb7
23.Rfd1 Ne8 24.Qb4 f5 25.exf5 gxf5 26.f4 Rf7 27.a3 h6 28.Qc3 Kh7 29.Qc6 Qxc6
30.Rxc6 exf4 31.Nxf4 Rb6 32.Rc8 Ndf6 33.Nxf5 Ng7 34.Ne3 Ne6 35.Nfd5 Nxd5
36.Nxd5 Rbb7 37.Rc6 Nf4 38.Nxf4 Rxf4 39.Rdd6 Rh4 40.g3 Rh5 41.h4 a5 42.Ra6 a4
43.Kg2 Re7 44.Kh3 Kg8 45.Rg6+ Kf8 46.Raf6+ Rf7 47.Kg4 Rd5 48.Rxh6 Rd2 49.Rxf7+ Kxf7
50.Rb6 Rxb2 51.Kg5 Rb3 52.g4 Rxa3 53.Rxb5 Rb3 54.Ra5 Rb4 55.h5 Ke6 56.Ra7 a3
57.Rxa3 Kf7 58.Rf3+ Kg8 59.Rf4 Rb6 60.Rf6 Rb4 61.Ra6 Rc4 62.Kf5 Kh7 63.g5 Rc7
64.Kf6 Rb7 65.Re6 Rb8 66.Kf7 Rb7+ 67.Kf8 Rb8+ 68.Re8 Rb6 69.Re7+ Kh8 70.Kf7 Rb1
71.Re8+ Kh7 72.g6+ Kh6 73.Rh8+ Kg5 74.g7 Rb7+ 75.Kg8 Rb6 76.h6 Rf6 77.Rh7 Kg6
78.Kh8  1-0

[Event "Autumn Cup IM"]
[Site "Bucharest ROM"]
[Date "2000.12.03"]
[Round "13"]
[White "Jianu,V"]
[Black "Marin,L"]
[Result "1-0"]
[WhiteElo "2293"]
[BlackElo "2187"]

1.d4 d5 2.c4 c6 3.Nf3 Nf6 4.Qc2 dxc4 5.Qxc4 Bf5 6.Nc3 Nbd7 7.g3 e6 8.Bg2 Be7
9.O-O O-O 10.Re1 Ne4 11.Bf4 Qa5 12.Qb3 Qb4 13.Nd2 Nxd2 14.Qxb4 Bxb4 15.Bxd2 Nb6
16.a3 Be7 17.e4 Bg6 18.b3 Rad8 19.Be3 h6 20.a4 Bb4 21.Rec1 Nd7 22.d5 Bc5
23.Nd1 Bxe3 24.Nxe3 c5 25.dxe6 fxe6 26.Ra2 b6 27.a5 Nf6 28.axb6 axb6 29.Ra6 Bxe4
30.Rxb6 Bxg2 31.Kxg2 Ne4 32.Rc2 Rd2 33.Rxd2 Nxd2 34.Nc4 Nxc4 35.bxc4 Rc8
36.Rb7 Rc6 37.Kf3 Kh7 38.h4 Kg6 39.h5+ Kf6 40.Rd7 g6 41.hxg6 Kxg6 42.Ke4 Kf6
43.g4 Rc8 44.f4 Rc6 45.Ke3 Rc8 46.Kf3 h5 47.gxh5 Rh8 48.Kg4 Rg8+ 49.Kh4 Rg1
50.Rc7 Rh1+ 51.Kg4 Rg1+ 52.Kf3 Rf1+ 53.Kg3 Rg1+ 54.Kf2 Rc1 55.Rxc5 Rc3 56.Kg2 Kg7
57.Rg5+ Kh6 58.c5 Kh7 59.Kf2 Kh6 60.Ke2 Rh3 61.c6 Rc3 62.Rg6+ Kxh5 63.Rxe6 Kg4
64.Rf6 Kg3 65.Kd2 Rc5 66.Kd3 Kf3 67.Kd4  1-0

[Event "Open"]
[Site "Milan ITA"]
[Date "2000.12.04"]
[Round "2"]
[White "Foisor,O"]
[Black "Astengo,C"]
[Result "1-0"]
[WhiteElo "2404"]
[BlackElo "2150"]

1.d4 d5 2.c4 c6 3.Nf3 Nf6 4.Qc2 dxc4 5.Qxc4 Bf5 6.g3 e6 7.Bg2 Nbd7 8.O-O Bd6
9.Nc3 O-O 10.Nh4 Bg6 11.Nxg6 hxg6 12.Rd1 Rc8 13.e4 e5 14.dxe5 Nxe5 15.Qe2 Qc7
16.h3 Bc5 17.Na4 Be7 18.f4 Ned7 19.Be3 Nb6 20.Nc3 Rfd8 21.Bf2 Rxd1+ 22.Rxd1 Rd8
23.e5 Rxd1+ 24.Qxd1 Nfd5 25.Ne4 g5 26.Qf3 gxf4 27.gxf4 Qd7 28.Ng3 Qe6 29.Qe4 Bf8
30.Ne2 Qh6 31.Kh2 Be7 32.Bf3 Bh4 33.Bd4 Be1 34.Bg4 Bd2 35.e6 fxe6 36.Qxe6+ Qxe6
37.Bxe6+ Kh7 38.Kg3 Be3 39.Bxe3 Nxe3 40.Kf3 Nbd5 41.Bc8 b6 42.Bb7 Nc4 43.Bxc6 Nd2+
44.Kf2 Nb4 45.Nd4 Nxa2 46.Ke1 Nc4 47.Bd5 Nxb2 48.Kd2 Nb4 49.Be4+ g6 50.Kc3 Nd1+
51.Kxb4 Nf2 52.Bc2 Nxh3 53.Ne6 Kh6 54.Kc4 Kh5 55.Kd4 Kg4 56.Ke3 Nxf4 57.Nxf4 g5
58.Ne6 b5 59.Kf2 a5 60.Nd4  1-0

[Event "Open"]
[Site "Padova ITA"]
[Date "2000.12.04"]
[Round "3"]
[White "Skembris,S"]
[Black "Sabia,C"]
[Result "1-0"]
[WhiteElo "2475"]
[BlackElo "2194"]

1.d4 d5 2.c4 c6 3.Nf3 Nf6 4.Qc2 dxc4 5.Qxc4 Bf5 6.Nc3 e6 7.g3 Nbd7 8.Bg2 Nb6
9.Qb3 Ne4 10.O-O Be7 11.a4 Nxc3 12.bxc3 Be4 13.a5 Qd5 14.Qb2 Nc4 15.Qxb7 Qd8
16.Qa6 Bd5 17.e4  1-0